Sobre la libertad
সংরক্ষণ করুন:
| প্রধান লেখক: | |
|---|---|
| বিন্যাস: | গ্রন্থ |
| ভাষা: | স্প্যানিশ |
| প্রকাশিত: |
Madrid
Alianza S. A
2013
|
| সংস্করন: | 1a. ed |
| মালা: | El Libro de Bolsillo, CS32
|
| বিষয়গুলি: | |
| ট্যাগগুলো: |
ট্যাগ যুক্ত করুন
কোনো ট্যাগ নেই, প্রথমজন হিসাবে ট্যাগ করুন!
|
MARC
| LEADER | 00000cam a2200000 a 4500 | ||
|---|---|---|---|
| 001 | UCE8899 | ||
| 003 | CL-VaPUC | ||
| 008 | 150911e20130000sp |||||||||||||||||spa|d | ||
| 020 | |a 9788420675558 | ||
| 082 | 0 | 4 | |a 323.44 |b MIL |2 21 |
| 100 | |a Mill, John Stuart |e autor |9 257759 | ||
| 245 | 1 | 0 | |a Sobre la libertad |
| 250 | |a 1a. ed | ||
| 300 | |a 242 p | ||
| 942 | |c BK | ||
| 945 | |d 20150911 12:29:00 |a dcastane | ||
| 260 | |a Madrid |b Alianza S. A |c 2013 | ||
| 650 | 0 | |a Libertad |9 255686 | |
| 650 | 0 | |a Derechos humanos |9 223025 | |
| 650 | 0 | |a Derechos civiles |9 255655 | |
| 650 | 0 | |a Ciencias Políticas |9 255201 | |
| 583 | |a last modification |c 20150911 12:29:00 |k Rodrigo Vera | ||
| 490 | 0 | |a El Libro de Bolsillo, CS32 | |
| 999 | |c 360661 |d 360659 | ||
| 952 | |0 0 |1 0 |3 erb |4 0 |6 323_440000000000000_MIL_2013 |7 0 |8 A |9 470547 |a BIBEDU |b BIBEDU |i 5198186 |l 3 |m 1 |o 323.44 MIL 2013 |p 5198186 |r 2023-04-19 |s 2023-04-18 |w 2019-11-23 |y BK |z Catalogado en:20150911 |k FIL | ||
| 952 | |0 0 |1 0 |3 erb |4 0 |6 323_440000000000000_MIL_2013 |7 0 |8 A |9 470548 |a BIBEDU |b BIBEDU |i 5198194 |l 7 |o 323.44 MIL 2013 |p 5198194 |r 2024-05-03 |s 2024-04-24 |w 2019-11-23 |y BK |z Catalogado en:20150911 |k FIL | ||